| 000 | 02604cam a2200313 4500 | ||
|---|---|---|---|
| 001 | ABS68142 | ||
| 008 | 040827n2004 000 0 eng u | ||
| 035 | _a(Sirsi) u127191 | ||
| 245 | _aParsons and another v George and another | ||
| 260 | _c2004 | ||
| 490 |
_aEstates Gazette _v[2004] 40 EG 150-156(7) |
||
| 520 | _a[2004] EWCA Civ 912,13 July 2004. Appeal raises question of whether a court has the power to permit a tenant who is applying for a new tenancy under the Landlord and Tenant Act 1954 Part II to amend a claim by adding or substituting a name after the end of the period specified by the s29(3). The respondents (G) were executors of the landlord's will and had terminated the appellant P's lease by issuing a s25 notice. The freehold was transferred to a third party (X). P issued a claim form applying for a new tenancy under s29 naming G as the defendants. G objected to the new tenancy on the ground that they were not the landlord within the meaning of s44. P applied to amend their claim by substituting X for G. By this time the s29(3) time limit had expired. HC dismissed application on the ground that it was out of time and held that the Act did not fall within Civil Procedure Rules Part 19.5(1)(C) as it did not contain a provision which allowed or disallowed the substitution or adding or parties. CA held that the application to amend the claim at the end of the prescribed limitation period was allowed as the Act did not prohibit it. The necessary conditions for substituting a party under Civil Procedure Rules Part 19(5(1) had been met. It was clear from the facts of the case that P intended to sue their competent landlord but by mistake named the wrong person. "Smithkline Beecham plc and another v Horne Roberts" ([2001] EWCA Civ 2001, [2002] 1 WLR 1662) applied. Appeal allowed. View judgment at www.bailii.org. | ||
| 590 | _aABS | ||
| 590 | _aABS | ||
| 650 | _aPARSONS AND ANOTHER V GERORGE AND ANOTHER | ||
| 650 | _aBUSINESS TENANCIES | ||
| 650 | _aLIMITATION | ||
| 650 | _aMISTAKE | ||
| 650 | _aLANDLORD AND TENANT ACT 1954 S29(3) | ||
| 650 | _aCIVIL PROCEDURE RULES | ||
| 650 | _aLANDLORD AND TENANT ACT 1954 S44 | ||
| 650 | _aNEW TENANCY | ||
| 650 | _aSECTION 25 NOTICES | ||
| 650 | _aSMITHKLINE BEECHAM PLC AND ANOTHER V HORNE ROBERTS | ||
| 690 | _aLANDLORD AND TENANT-BUSINESS TENANCIES-CASE LAW | ||
| 856 |
_uhttps://www.bailii.org/ew/cases/EWCA/Civ/2004/912.html _zView judgment on the BAILII website... |
||
| 856 |
_uhttps://www.bailii.org/ew/cases/EWCA/Civ/2004/912.html _zView judgment on the BAILII website... |
||
| 942 | _n0 | ||
| 999 |
_c117914 _d117914 |
||